Militarización en Guatemala

Zapisane w:
Opis bibliograficzny
1. autor: Aguilera Peralta, Gabriel
Format: Texto
Wydane: San José: CSUCA
Etykiety: Dodaj etykietę
Nie ma etykietki, Dołącz pierwszą etykiete!

MARC

LEADER 00000 a a2200000 04500
001 20397
003
040 |a CRAI/IIS  |c CRAI/IIS 
090 |a 085200  
100 |a Aguilera Peralta, Gabriel  
245 |a Militarización en Guatemala  
260 |a San José:   |b CSUCA  
300 |a 28 p.  
999 |c 17428  |d 17428